| 000 | 00596nam a2200229 a 4500 | ||
|---|---|---|---|
| 001 | 000015350 | ||
| 003 | DO-SdBNP | ||
| 005 | 20240412074310.0 | ||
| 007 | ta | ||
| 008 | 100205s1997 dr 000 0 spa d | ||
| 040 |
_aDO-SdBNP _bspa _cBNPHU |
||
| 082 |
_aRD861.44 _bJ36a |
||
| 100 | 1 |
_aJáquez, Fausto _91321 |
|
| 245 | 1 | 3 |
_aArete / _cFausto Jáquez. |
| 260 |
_aSanto Domingo : _bFinarte, _c1997 |
||
| 300 |
_a80 p. : _bil. ; _c26 cm. |
||
| 590 | _aInventariado, 2022 / DG | ||
| 650 | 0 |
_aPoesía dominicana _966 |
|
| 650 | 0 |
_aLiteratura dominicana. _967 |
|
| 910 | _aDG | ||
| 942 |
_2ddc _cLBS1 |
||
| 999 |
_c52378 _d52378 |
||